[Event "FIDE-Wch k.o."]
[Site "New Delhi/Teheran"]
[Date "2000.11.30"]
[Round "2.1"]
[White "Azmaiparashvili, Zurab"]
[Black "Baklan, Vladimir"]
[Result "1-0"]
[WhiteElo "2673"]
[BlackElo "2599"]
[Annotator "Tsesarsky,I"]
[PlyCount "119"]
[EventDate "2000.11.27"]
[EventType "k.o."]
[EventRounds "7"]
[EventCountry "IND"]
[SourceTitle "CBM 081"]
[Source "ChessBase"]
[SourceDate "2001.03.20"]
[SourceVersion "1"]
[SourceVersionDate "2001.03.20"]
[SourceQuality "1"]

1. d4 {Wells} Nf6 2. Nf3 c5 3. d5 g6 4. Nc3 d6 5. h3 Bg7 6. e4 O-O 7. Bd3 ({
another mainlines are:} 7. Bf4) (7. Be2) 7... a6 (7... Na6 8. O-O Bd7 (8... Nc7
9. a4 (9. Re1 a6 10. a4 b6 (10... Bd7 11. Bg5 b5 12. Qd2 Re8 13. Bh6 Bh8 14.
Ng5 b4 15. Ne2 $14 {0-1 Wohlmann,E-Peterwagner,H/AUT BL 1989 (47)}) 11. Bg5 h6
12. Bh4 Bb7 13. Bc4 Rb8 14. Qe2 Nh5 15. Nd2 $132 (15. e5 Nf4 16. Qf1 dxe5 17.
Nxe5 b5 18. axb5 axb5 19. Nxb5 Nxb5 20. Bxb5 Qxd5 21. Bc4 Qxg2+ (21... Qd4 $17
{0-1 Ledger,A-Mestel,J/Birmingham 1995 (27)}) 22. Qxg2 Nxg2 23. Bxe7 Nxe1 24.
Rxe1 Rbe8 25. Bxf8 Rxe5 26. Rxe5 Bxe5 $11)) (9. Bg5 b5 10. Re1 h6 11. Bf4 b4
12. Nb5 Nce8 13. a3 Nh5 14. Bc1 a6 15. axb4 Bb7 16. Na3 cxb4 17. Nc4 $14 {
1-0 Zubarev,A-Mester,G/Golden Sands BUL 2000/The Week in Chess 305 (26)}) 9...
e6 (9... Rb8 10. Bg5 a6 11. Qe2 b6 12. Rfd1 Nd7 13. Rab1 $14 {1-0 Arkell,
K-Ansell,S/British Ch. 1992 (41)}) (9... b6 10. Bg5 Rb8 11. Re1 Re8 12. Nb5 $14
{0-1 Heyken,E-Gorbatov,A/Pardubice Komercni Banka ,EXP 1996 (36)}) 10. Bc4 (10.
dxe6 Nxe6 11. Bc4 Re8 12. Be3 $14 {1/2-1/2 Sandler,L-Levi,E/Melbourne Masters
1991 (92)}) 10... b6 11. Re1 exd5 12. exd5 Ba6 13. Bxa6 Nxa6 14. Nd2 Qd7 15.
Nc4 Rfe8 16. Rxe8+ Rxe8 17. Bf4 $14 {1-0 Arkell,K-Dunnington,A/Toulouse ,EXT
1990 (41)}) (8... Nd7 9. Bg5 h6 10. Bf4 Nc7 11. Qd2 g5 12. Bg3 Ne5 13. Nxe5
dxe5 14. Be2 Ne8 15. a4 Nd6 16. a5 $14 {1-0 Garcia Trobat,F-Caruana Font,R/
Ateneo Mercantil 1992 (43)}) 9. Re1 Nb4 10. Bf1 Rb8 11. a3 Na6 12. e5 $14 {
1/2-1/2 Calvo Minguez,R-Bellon Lopez,J/Palma de Mallorca 1972 (47)}) (7... e6
8. O-O exd5 9. Nxd5 (9. exd5 Nbd7 (9... Na6 10. Bf4 (10. Bg5 h6 11. Bh4 g5 12.
Bg3 Nc7 13. Nd2 Nfxd5 14. Nxd5 Nxd5 15. Nc4 Be6 16. Bxd6 Re8 17. Bxc5 $14 {
0-1 Daneri,M-Hoffman,A/Mar del Plata op 1996 (41)}) 10... Nc7 11. Bc4 a6 (11...
b6 12. Re1 a6 13. a4 Rb8 14. Ng5 b5 15. axb5 axb5 16. Bf1 Nh5 17. Bc1 h6 18.
Nf3 b4 19. Nb1 Nf6 20. c4 bxc3 21. Nxc3 Rb4 $15 {[%csl Rb4,Rd5] 1/2-1/2
Schneider,S-Jakobsen,O/KS open, Copenhagen DEN 1998 (41)}) 12. a4 Rb8 13. a5 b5
14. axb6 Rxb6 15. Bb3 Rb4 16. Bh2 Re8 17. Nd2 Rd4 18. Ne2 $132 {1-0
Yusupov-Bricard/GER-FRA 1993 (38)}) (9... a6 10. a4 Nbd7 11. Re1 Re8 (11... b6
12. Bf4 Qc7 13. Bc4 Bb7 14. Qd2 Rfe8 15. Rxe8+ Rxe8 16. Re1 Qb8 17. Rxe8+ Nxe8
18. Qe3 $14 {1/2-1/2 Garcia Ares,F-Perez Gonzalez,J/Palencia ESP 1999 (58)})
12. Bf4 Qc7 13. Qd2 b6 14. Rxe8+ Nxe8 15. Re1 Bb7 16. Bh2 Ndf6 17. Bc4 $14 {
1-0 Riemersma,L-Gaspar,L/Brugge op 1995 (38)}) 10. Re1 Re8 11. Rxe8+ Nxe8 12.
Bg5 Ndf6 13. Nd2 h6 14. Bh4 Qe7 15. Qf3 Bd7 16. a4 Qe5 17. Nc4 Qh5 18. Qxh5
Nxh5 19. Be7 Bxc3 20. bxc3 Nf4 {1/2-1/2 Burger,K-Gheorghiu,F/New York 1988 (20)
}) 9... Nxd5 10. exd5 Re8 11. Bg5 Bf6 12. Qd2 Bxg5 13. Nxg5 Nd7 14. Rfe1 $14 {
1-0 Onischuk,A-Hendriks,W/Wijk aan Zee NED 2000/The Week in Chess 273 (71)}) 8.
a4 {preventing b7-b5} (8. O-O $143 $6 b5 9. e5 Nfd7 (9... dxe5 10. Nxe5 b4 11.
Na4 Nxd5 12. Be4 $44) 10. exd6 exd6 11. Ne4 Nb6 {0-1 Oesterle,E-Sterzl,P/
GER-ch Sued-B Weiler ,EXT 1993 (46)}) 8... Nbd7 (8... e5 9. g4 $5 (9. O-O Nh5
10. Re1 h6 11. Bf1 b6 12. Nd2 $14 {1/2-1/2 Eusebe,A-Marcelin,C/It, Bagneux FRA
1998 (67)}) 9... Kh8 10. Rg1 Ng8 11. Ne2 Ra7 12. Ng3 b6 13. Bg5 f6 14. Bd2 Bd7
15. b4 $14 {1-0 Arkell,K-Hartvig,O/Lyngby ,EXT 1991 (35)}) (8... e6 9. O-O exd5
10. exd5 Re8 11. Bf4 b6 12. Qd2 Bb7 13. Rae1 Qc7 14. Rxe8+ Nxe8 15. Re1 Nd7 16.
Bc4 $14 {1-0 Hsu Li Yang-Mok Tze Meng/Jakarta zt 1993 (39)}) (8... h6 9. O-O e6
10. Be3 Qc7 11. a5 exd5 12. exd5 Nbd7 13. Qd2 Kh7 14. Ra4 Ng8 15. Rh4 Ne5 16.
Nxe5 dxe5 17. Ne4 $16 {1-0 Kgosimora,M-Canclini,W/Paranana Wtt-26 ,EXT 1993(42)
} (17. Na4 $16)) 9. O-O Rb8 10. Qe2 ({Worth of attention was} 10. a5 b5 11.
axb6 Qxb6 $14) 10... Ne8 11. Bf4 (11. a5 $5) 11... Nc7 12. Rad1 ({Here and on
previous moves worth of attention} 12. a5 $5) 12... f6 {Black decided to play
this passive move obstructing Bg7 activity. Otherwise, position of Black is
reliable.} ({Alternative continuation was more active} 12... b5 $5 13. axb5
axb5 14. Nxb5 Nxb5 15. Bxb5 Bxb2 16. Rb1 Bg7 17. Rb3 $14 {[%cal Gf1b1]}) 13.
Bg3 Qe8 (13... Ne5 $5 $14) 14. Rb1 {[%cal Gb2b4]} (14. a5 $5 $14) 14... b6 15.
Nd2 Ne5 16. Bxe5 $5 {after this exchange Bg7 will be obstructed for a long
time. '!' Wells. Wells: 'Simultaneously the bishop on g7 becomes 'uncontested'
and impotent. Life is full of little ironies. The resulting 'semi-blocked'
position is of course ideal for white to put his queenside idea into practice.'
} ({Premature is} 16. b4 $5 cxb4 17. Rxb4 Nxd3 (17... f5 18. Rfb1 f4 19. Bh4 f3
$132) 18. Qxd3 f5 $132) 16... fxe5 17. b4 {Planning promotion. '!' Wells.} cxb4
$6 $16 (17... Qd8 $144 18. bxc5 dxc5 19. Nc4 Ne8 20. Rb3 $16) (17... Bd7 $142
$5 18. Bxa6 Bxa4 19. bxc5 dxc5 20. Nxa4 Qxa4 21. Bc4 $14) 18. Rxb4 a5 19. Rb3
Bd7 20. Nc4 {[%csl Rb6][%cal Gc4b6]} (20. Rfb1 Bxa4 21. Rxb6 Rxb6 22. Rxb6 $16)
20... Na8 21. Nb2 $1 {Right decision!} ({After} 21. Rfb1 $6 Bxa4 22. Nxa4 Qxa4
23. Qe1 {[%csl Rb8][%cal Gc4a5,Gb3b8]} Rbc8 24. Nxb6 Nxb6 25. Rxb6 {Opposite
coloures BB gives to Black good chances for draw:} Rf7 26. c3 {[%cal Gc3d4]} (
26. R6b5 Qd4 27. Rxa5 Rcf8 $11 {[%csl Rf2][%cal Gf8f2]}) 26... Rcf8 27. R1b2
Qa3 28. R6b3 Qc5 29. Rb5 Qc7 $14) 21... Rc8 22. Ba6 $1 {[%csl Rb6] White
wishes to change some pieces and to increase pressure on Pb6 weakness.} Rc5 23.
Nd3 Rc7 24. Nb5 {'!' Wells. Wells: 'Pragmatic. The 'pretty' thing to do would
be to exchange light-squared bishops, but the bishop on c6 will be the best
minor piece of all. '} Bxb5 25. Bxb5 Qc8 26. Bc6 {[%csl Ra8,Rb6][%cal Gf1b1,
Gc6a8] cutting Black's position.} Rxc6 {What to do? There is no acceptable
alternative... '+/-!' Wells. Wells: 'Modern chess, always inclined to mess up
the aesthetics of your best examples. In fact, this is the best practical
chance, but when you sacrifice the exchange you do not dream of savaging the
opponent with these minor pieces!'} 27. dxc6 Qxc6 28. Nb2 $1 Rc8 29. Rd1 Bf6 ({
Or} 29... Qxc2 30. Qxc2 Rxc2 31. Rdd3 {[%csl Ra8] position of Na8 is ugly.} Nc7
(31... Rc1+ 32. Kh2 Bh6 33. Rdc3 $16) 32. Rxb6 $16) 30. Rdd3 $1 Kg7 ({Here} 
30... Qxc2 $2 {is badly indeed:} 31. Qxc2 Rxc2 32. Rdc3 $18 {[%csl Ra8]}) 31.
Kh2 d5 $2 $18 (31... Bg5 $142 32. Rdc3 Qxc3 33. Rxc3 Rxc3 34. g3 $16) 32. exd5
$2 $16 ({Winning another continuation:} 32. Rbc3 $1 Qxc3 33. Rxc3 Rxc3 34. exd5
Nc7 35. Nd1 Rc5 36. c4 $18) 32... Qxc2 33. Qxc2 Rxc2 34. Rdc3 Rxc3 35. Rxc3 e4
36. Rc2 (36. Rb3 Nc7 37. Nc4 Bd4 38. Ne3 $16) 36... Nc7 37. d6 Be5+ 38. Kg1 (
38. Kh1 Bxd6 39. Nc4 Na6 40. Nxb6 Nc5 41. Kg1 $16) 38... Bxd6 39. Nc4 Bc5 40.
Nxa5 e3 41. fxe3 Bxe3+ 42. Kf1 Nd5 43. Nc6 (43. Nc4 $16) 43... Kf6 44. Ke2 Ke6
45. Rc4 Bc5 46. Nd4+ ({Effective was} 46. a5 $1 Kd6 $140 47. Nd8 $1 Kd7 48. Nf7
Nc7 49. Ng5 Kd6 50. axb6 Bxb6 51. Nxh7 $18) 46... Kd6 47. Nb5+ Kc6 48. Nc3 Nf6
49. Kd3 {White improves his pieces locations.} Nd7 50. Ke4 Kd6 51. Nb5+ Ke6 52.
Nd4+ Kd6 53. Nb3 Ba3 54. Rd4+ Ke6 55. Rd1 {[%cal Gb3d4]} Bb2 (55... Nf6+ 56.
Kf3 $16) 56. Kd3 Ne5+ 57. Kc2 Ba3 58. Nd4+ Kf7 59. Kb3 Bc5 60. Nf3 {Here Black
resigned, maybe prematurely.} (60. Nf3 Nxf3 (60... Nc6 61. Ng5+ Kg8 62. Ne6 Bf2
63. Rf1 Nd4+ 64. Nxd4 Bxd4 65. Kc4 $18) 61. Rf1 Ke6 62. Rxf3 $18) 1-0

[Event "EU-ch 3rd"]
[Site "Batumi"]
[Date "2002.06.21"]
[Round "9"]
[White "Krasenkow, Michal"]
[Black "Minasian, Artashes"]
[Result "1-0"]
[WhiteElo "2641"]
[BlackElo "2572"]
[Annotator "Tsesarsky,I"]
[PlyCount "83"]
[EventDate "2002.06.12"]
[EventType "swiss"]
[EventRounds "13"]
[EventCountry "GEO"]
[SourceTitle "CBM 090"]
[Source "ChessBase"]
[SourceDate "2002.09.20"]
[SourceVersion "1"]
[SourceVersionDate "2002.09.20"]
[SourceQuality "1"]

1. d4 g6 2. c4 Bg7 3. e4 c5 4. d5 d6 5. Nc3 e6 6. Bd3 Ne7 {[%csl Re7][%cal
Gg8f6] This move's idea is to avoid well-known forced theoretical variations.
But on e7 N allocated more passive than on f6.} 7. h3 {Restricting Bc8.} ({
Can be recommended much more agressive} 7. h4 $5 $14 {[%cal Gh4h5] - see
detailed commented game  1/2-1/2 Shariyazdanov,A-Minasian,A/Dubai 2001/CBM
83_01[Tsesarsky,I] (37)}) 7... O-O 8. Nf3 ({Or} 8. Bg5 Na6 9. Qd2 Nc7 10. Nf3
Bd7 11. a4 f6 12. Be3 e5 13. g4 $14 {1/2-1/2 Straschewski,J-Dietrich,R/Bayern
1998/EXT 2000 (50)}) 8... Nd7 ({Quite passive is} 8... e5 9. O-O f5 10. a3 f4
11. b4 b6 12. Rb1 Na6 13. Be2 h6 14. Bd2 g5 15. Nh2 Ng6 16. Bg4 $14 {[%cal
Gg4c8,Gb1b7] 0-1 Manninen,M-Puranen,J/Jyvaskyla 1991/EXT 2000 (67)}) (8... exd5
9. cxd5 a6 10. a4 f5 $6 {Black tries to justify his 6...move. With Nf6 this
position is took from Indian defence.} 11. O-O h6 12. Re1 Nd7 13. Bf4 fxe4 14.
Bxd6 $1 $16 {1-0 Novikov,I-Radziewicz,I/Koszalin 1999/CBM 73 (22)}) (8... Na6
9. O-O Nc7 10. dxe6 (10. Re1 $5) 10... fxe6 (10... Bxe6 11. Bf4 $14) 11. e5 $1
d5 12. Bg5 $14 {1-0 Pedersen,N-Dobos,J/Budapest HUN 2001/The Week in Chess 350
(36)}) 9. O-O {Simple and strong.} ({After} 9. Be3 $6 {Black equalized:} exd5
10. exd5 ({On} 10. cxd5 {goes} f5 $1 11. O-O f4 ({or even} 11... fxe4 12. Bxe4
Nf6 $132) 12. Bd2 Ne5 13. Nxe5 Bxe5 {[%cal Gg6g5] With excellent position.})
10... Ne5 11. Nxe5 Bxe5 12. O-O Nf5 {1/2-1/2 Dautov,R-Minasian,A/Batumi 1999/
CBM 74 (12)}) 9... a6 (9... e5 10. Rb1 $14 {1-0 Bielicki,B-Borulya,E/Germany
2000/CBM 75 ext (41)}) (9... exd5 10. cxd5 a6 11. a4 $14 {After} f5 {-position
is similar to one from mentioned above game Novikov,I-Radziewicz,I - with the
similar evaluation as well.}) 10. a4 h6 ({Krasenkow has played by Black this
position. His negative expierence he applies in this game.} 10... b6 11. Ra3
Ne5 12. Nxe5 Bxe5 13. Bh6 Re8 14. Qd2 exd5 15. cxd5 f5 16. Bg5 Qc7 17. Re1 c4
18. Bb1 fxe4 19. Rxe4 Bb7 20. Rxe5 $1 dxe5 21. d6 Qd7 22. dxe7 Qxd2 23. Bxd2
Rxe7 24. Be3 $16 {1-0 Skembris,S-Krasenkow,M/Cutro 1999/CBM 71 (42)}) 11. Ra3
$1 Kh7 $6 {[%cal Gb1h7] Straight to diagonal Bd3 staying on.} 12. Bb1 exd5 13.
cxd5 Ng8 14. Bf4 Qe7 15. Re1 {[%cal Ge4e5] Threatening e4-e5. Ng8 is really
ugly} Ne5 16. Nxe5 Bxe5 17. Bxe5 Qxe5 18. a5 Bd7 19. Rb3 {[%csl Rb6,Rb7][%cal
Gb3b7]} Rab8 20. Qc1 g5 21. Nd1 {[%cal Gd1e3,Ge3c4] Good manoeuvre. Black had
to exchange Nd1 before will be too late.} Ba4 22. Rf3 Bxd1 23. Rf5 $1 {Nice
intermediate move!} Qg7 24. e5 $1 {[%cal Gb1h7] Another one.} Kh8 25. Rxd1 Ne7
26. Rf3 $16 dxe5 (26... Qxe5 27. Re1 $18 {[%csl Re7]}) 27. Qxc5 f6 28. Qb6 $18
{and White had transformed his advantage to whole point:} Nc8 29. Qe6 Na7 (
29... Qe7 30. b4 $18) 30. h4 $1 (30. Bf5 Nb5 31. Rfd3 Rbd8 32. d6 Nd4 33. Rxd4
Rfe8 34. Qb3 exd4 35. Qb6 $16) 30... Rbe8 31. Qg4 Nb5 {[%cal Gb5d4]} 32. hxg5
fxg5 (32... Qxg5 33. Qd7 Qg7 34. Qh3 $18 {[%csl Rg7,Rh8]}) 33. d6 Rxf3 ({
More stubborn was} 33... Nd4 34. Rxf8+ Rxf8 35. Qe4 Rd8 36. Qd5 Nb5 37. d7 Nd4
38. Qd6 Kg8 39. Re1 Rxd7 40. Qb8+ Qf8 41. Qxe5 Qd6 42. Ba2+ Kh7 43. Qe8 $18 {
[%csl Rh7]}) 34. Qxf3 Rd8 35. d7 Nd4 36. Qh5 Qf8 37. Re1 Nc6 (37... Rxd7 38.
Rxe5 Qd6 39. Qe8+ Kg7 40. Ba2 $18 {like in previous variation's comments - see
above.}) 38. Re3 Rxd7 39. Rf3 Qd6 40. Qe8+ Kg7 41. Ba2 h5 42. Qg8+ 1-0

[Event "EU-ch 2nd"]
[Site "Ohrid"]
[Date "2001.06.10"]
[Round "9"]
[White "Sakaev, Konstantin"]
[Black "Delchev, Aleksander"]
[Result "1-0"]
[WhiteElo "2637"]
[BlackElo "2584"]
[Annotator "Tsesarsky,I"]
[PlyCount "19"]
[EventDate "2001.06.01"]
[EventType "swiss"]
[EventRounds "13"]
[EventCountry "YUG"]
[SourceTitle "CBM 084"]
[Source "ChessBase"]
[SourceDate "2001.09.13"]
[SourceVersion "1"]
[SourceVersionDate "2001.09.13"]
[SourceQuality "1"]

1. d4 Nf6 2. Nf3 c5 3. d5 b5 4. Bg5 Qa5+ 5. c3 Ne4 6. Bh4 Bb7 ({More popular is
} 6... b4 7. Qc2 {and White reaches slight advantage, for instance:} f5 (7...
bxc3 8. Nxc3 (8. bxc3 Nd6 9. e4 g6 10. Nbd2 Ba6 11. Bxa6 Nxa6 12. O-O c4 13.
Bg3 $14 {1/2-1/2 Epishin,V-Martinov,P/Frunze 1989/TD (19)}) 8... Nxc3 9. Qxc3
Qxc3+ 10. bxc3 Ba6 (10... d6 11. e4 e5 12. Bb5+ Bd7 13. Rb1 {1/2-1/2 Kachur,
A-Piskov,Y/Lvov 1986/EXT 99 (36)}) 11. e4 d6 12. Kd2 e5 13. Bxa6 Nxa6 14. Rab1
$16 {1/2-1/2 Topalov,V-Votava,J/Singapore 1990/EXT 97 (53)}) 8. Nfd2 (8. g4 Bb7
9. Bg2 Bxd5 10. O-O Nd6 11. cxb4 cxb4 12. gxf5 Be4 13. Qc1 Nc6 14. Nbd2 Bxf5
15. Nb3 $44 {1-0 Chabanon,J-Wavresky,P/FRA-chT 1989/TD (29)}) 8... bxc3 (8...
Bb7 9. c4 g5 10. Nxe4 gxh4 11. Ng5 Bg7 12. Nd2 $14 {1-0 Teran Alvarez,I-Del
Rio Mayayo,P/Caceres 1993/EXT 97 (31)}) 9. bxc3 Bb7 (9... g5 10. Nxe4 gxh4 11.
Ned2 Bg7 (11... Ba6 12. Qxf5 Bg7 13. Qc2 O-O 14. g3 $16 {1-0 Bocharov,
D-Scetinin,A/Orsk 2000/EXT 2001 (51)}) 12. Qxf5 Bxc3 13. Nxc3 Qxc3 14. Rd1 Na6
15. e3 Rb8 16. Bc4 Rb2 17. d6 exd6 18. O-O Rf8 (18... Rxd2 19. Qf7+ Kd8 20.
Rxd2 Qxd2 21. Qf6+ $18) 19. Qh5+ Kd8 20. Qxh4+ Kc7 21. Qe7 $16 {1/2-1/2 Maric,
A-Scetinin,A/Groningen 1993/CBM 38 ext (67)}) (9... Nd6 10. e4 e6 11. Nc4 Nxc4
12. Bxc4 f4 13. O-O Bd6 14. dxe6 dxe6 15. e5 $16 {1-0 Tukmakov,V-Hobuss,W/
Geneve 1996/CBM 51 ext (46)}) 10. Nxe4 fxe4 11. Qxe4 e6 12. Qc2 Bxd5 13. e4 Bc6
14. a4 Bd6 15. Bg3 Qc7 16. Nd2 O-O 17. Bd3 Bf4 18. O-O $14 {1/2-1/2 Kogan,
B-Alburt,L/Estes Park 1985/MCD (55)}) (6... d6 7. e3 (7. Nbd2 Nxd2 8. Nxd2 Ba6
9. e4 Nd7 10. a4 b4 11. Bxa6 Qxa6 12. Qe2 $14 {[%cal Gd2c4] 1/2-1/2 Zierke,
O-Dyballa,M/Germany 1998/EXT 99 (52)}) (7. Nfd2 Nxd2 (7... Bf5 8. f3 Nxd2 9.
Nxd2 h6 10. e4 Bh7 11. a4 $16 {1-0 Arkell,K-O'Donovan,R/Bunratty 1999/EXT 2000
(14)}) 8. Nxd2 $14 {-like in previous game}) 7... Bf5 8. Be2 Nd7 9. O-O h6 10.
Nbd2 Nef6 11. a4 $14 {[%csl Rc4][%cal Gd2c4] 1-0 Karp,M-Carreau,P/Brussels
1993/CBM 34 ext (43)}) 7. e3 $5 $146 (7. Qd3 f5 8. Nbd2 (8. g4 fxg4 9. Qxe4
gxf3 10. Rg1 $14 {1-0 Bernard,C-Fievet,P/Val Maubuee 1990/EXT 97 (34)}) 8... e6
(8... c4 9. Qd4 b4 10. cxb4 Qxd5 11. Qxc4 $16 {1-0 Kharitonov,A-Petrakov,A/
Kstovo 1994/CBM 42 ext (45)}) 9. Nxe4 fxe4 10. Qxe4 Bxd5 11. Qg4 (11. Qf4 Qa4
12. Qxa4 bxa4 13. Nd2 Be7 14. Bxe7 Kxe7 15. e4 Bc6 $14 {[%csl Ra4,Ra7] 1-0
Sale,S-Zelic,M/Solin 1996/EXT 99 (64)}) 11... b4 12. c4 Bxf3 13. Qxf3 b3+ 14.
Kd1 Nc6 15. Qxb3 Rb8 16. Qc3 Qxc3 17. bxc3 $14 {1/2-1/2 Sands,D-Helbig,P/
London 1988/TD (24)}) 7... e6 $2 $16 {Black doesn't feel a danger...} (7... b4
$142 8. c4 e6 9. Qd3 exd5 10. cxd5 Nd6 11. Nbd2 $14) 8. dxe6 dxe6 $2 $19 (8...
fxe6 $2 9. Ne5 $1 {[%cal Gd1h5]} g6 10. Qf3 Nd6 11. Qf6 Rg8 12. Bxb5 $18) ({
It was not easy to recognize mistake on previous move:} 8... f6 $1 9. Nbd2 Nxd2
10. exd7+ Nxd7 11. Qxd2 Rd8 $16 {With certain chances to resistance.}) 9. Bxb5+
Nc6 {Loses immediately...} ({More stubborn was} 9... Bc6 10. Bxc6+ Nxc6 11.
Nbd2 $18 {[%csl Rc5][%cal Gd2c4]}) (9... Qxb5 $2 10. Qd8#) 10. Ne5 (10. Ne5 Qc7
11. Qa4 $18 {[%csl Rc6,Re4]}) 1-0